[Event "Reykjavik Taflfelag op"]
[Site "Reykjavik"]
[Date "2019.11.06"]
[Round "4"]
[White "Fridthjofsdottir, Sigurlaug Regina"]
[Black "Larusson, Agnar Darri"]
[Result "0-1"]
[WhiteElo "1677"]
[BlackElo "1751"]
[PlyCount "88"]
[EventDate "2019.10.16"]
[EventType "swiss"]
[EventRounds "7"]
[EventCountry "ISL"]
[SourceTitle "CBM 193 Extra"]
[Source "ChessBase"]
[SourceDate "2020.01.31"]
[SourceVersion "1"]
[SourceVersionDate "2020.01.31"]
[SourceQuality "1"]

1. e4 e6 2. d3 d5 3. Nd2 dxe4 4. dxe4 Bc5 5. Ngf3 Nc6 6. Be2 Nf6 7. 0-0 h6 8. h3 e5 9. c3 0-0 10. Qc2 a5 11. Re1 Nh7 12. Nc4 Qe7 13. Be3 f5 14. Bxc5 Qxc5 15. Rad1 Be6 16. Ne3 fxe4 17. Qxe4 Bxa2 18. Bc4+ Bxc4 19. Qxc4+ Qxc4 20. Nxc4 Nf6 21. Ncxe5 Nxe5 22. Rxe5 Rf7 23. Rde1 c6 24. Nd4 Nd5 25. Re8+ Rf8 26. Rxf8+ Kxf8 27. Ne6+ Kf7 28. Nc5 b5 29. Nb3 a4 30. Nd4 a3 31. bxa3 Rxa3 32. Nxc6 Rxc3 33. Nd4 b4 34. Rd1 Nf4 35. Kf1 Kf6 36. Ne2 Nxe2 37. Kxe2 Ke5 38. Rd2 g5 39. g3 Ke4 40. h4 g4 41. Rb2 b3 42. Rb1 Kd4 43. Rd1+ Kc4 44. h5 b2 0-1

[Event "Olympiad Women-43"]
[Site "Batumi"]
[Date "2018.09.30"]
[Round "6.27"]
[White "Fridthjofsdottir, Sigurlaug Regina"]
[Black "Vidic, Teja"]
[Result "0-1"]
[WhiteElo "1724"]
[BlackElo "2116"]
[PlyCount "72"]
[EventDate "2018.09.24"]
[EventType "team-swiss"]
[EventRounds "11"]
[EventCountry "GEO"]
[SourceTitle "EXT 2020"]
[Source "ChessBase"]
[SourceDate "2019.10.17"]
[SourceVersion "1"]
[SourceVersionDate "2019.10.17"]
[SourceQuality "1"]
[WhiteTeam "Iceland (W)"]
[BlackTeam "Slovenia (W)"]
[WhiteTeamCountry "ISL"]
[BlackTeamCountry "SLO"]

1. e4 e5 2. Nf3 Nc6 3. Bb5 a6 4. Bxc6 dxc6 5. 0-0 Bg4 6. h3 h5 7. d3 Qf6 8. Be3 Bxf3 9. Qxf3 Qxf3 10. gxf3 Bd6 11. Nd2 Ne7 12. Rfb1 f5 13. Nc4 0-0-0 14. Bg5 Rd7 15. Bxe7 Rxe7 16. b4 Rf8 17. Nxd6+ cxd6 18. Re1 Ref7 19. Re2 g5 20. a4 f4 21. Kh2 Rg7 22. Rg1 Rfg8 23. Ree1 g4 24. fxg4 hxg4 25. Rxg4 Rxg4 26. hxg4 Rxg4 27. Rg1 Rxg1 28. Kxg1 Kc7 29. Kg2 Kb6 30. Kf3 a5 31. c3 axb4 32. cxb4 c5 33. b5 Ka5 34. Kg4 Kxa4 35. Kf5 Kxb5 36. Ke6 Kc6 0-1

[Event "EU-ch Seniors 50 (Women)"]
[Site "Drammen"]
[Date "2018.08.06"]
[Round "3"]
[White "Birkholz, Olga"]
[Black "Fridthjofsdottir, Sigurlaug Regina"]
[Result "1-0"]
[WhiteElo "2048"]
[BlackElo "1715"]
[PlyCount "125"]
[EventDate "2018.08.04"]
[EventType "tourn"]
[EventRounds "8"]
[EventCountry "NOR"]
[SourceTitle "CBM 186 Extra"]
[Source "ChessBase"]
[SourceDate "2018.08.24"]
[SourceVersion "1"]
[SourceVersionDate "2018.08.24"]
[SourceQuality "1"]

1. d4 d5 2. Nf3 c6 3. c3 Nf6 4. Bg5 Bf5 5. Nh4 Bg6 6. Nd2 Nbd7 7. Nxg6 hxg6 8. e3 e6 9. Bd3 Be7 10. h3 e5 11. dxe5 Nxe5 12. Be2 Qc7 13. 0-0 Nh5 14. Bxe7 Qxe7 15. Nb3 0-0-0 16. Qd4 Kb8 17. Nc5 f5 18. a4 g5 19. a5 g4 20. Qb4 Ka8 21. hxg4 fxg4 22. Rfe1 g3 23. f4 Ng6 24. Bg4 Nf6 25. Bh3 Nh4 26. Ne6 Qxb4 27. cxb4 Rd6 28. Ng5 Rf8 29. Rad1 Ne8 30. e4 dxe4 31. Nxe4 Rxd1 32. Rxd1 Nf6 33. Nxg3 Nd5 34. Ne2 a6 35. g3 Ng6 36. Nc3 Nge7 37. Be6 Nxb4 38. Rd7 Nbd5 39. Bxd5 Nxd5 40. Nxd5 cxd5 41. Rxd5 Kb8 42. Kf2 Kc7 43. Rg5 Rf7 44. Ke3 Rd7 45. Rg6 Re7+ 46. Kd4 Kd7 47. g4 Ke8 48. Rb6 Kf7 49. f5 Rd7+ 50. Kc5 Ke7 51. Re6+ Kf7 52. g5 Rd2 53. g6+ Kf8 54. b4 Rf2 55. Kb6 Rxf5 56. Kxb7 Rb5+ 57. Rb6 Re5 58. Kxa6 Ke7 59. b5 Rd5 60. Ka7 Rd4 61. Rc6 Rd8 62. Kb7 Rd1 63. a6 1-0

[Event "Reykjavik Congress"]
[Site "Reykjavik"]
[Date "2018.01.17"]
[Round "3"]
[White "Fridthjofsdottir, Sigurlaug Regina"]
[Black "Baldursson, Haraldur"]
[Result "0-1"]
[WhiteElo "1734"]
[BlackElo "1942"]
[PlyCount "130"]
[EventDate "2018.01.10"]
[EventType "swiss"]
[EventRounds "9"]
[EventCountry "ISL"]
[SourceTitle "CBM 182 Extra"]
[Source "ChessBase"]
[SourceDate "2018.02.23"]
[SourceVersion "1"]
[SourceVersionDate "2018.02.23"]
[SourceQuality "1"]

1. e4 c5 2. c3 d5 3. exd5 Qxd5 4. d4 e6 5. Nf3 Nf6 6. Be2 Nc6 7. 0-0 cxd4 8. cxd4 Be7 9. Nc3 Qd8 10. Bf4 0-0 11. Rc1 a6 12. a3 Nd5 13. Nxd5 Qxd5 14. Bc4 Qf5 15. Bc7 Bd7 16. Re1 Rac8 17. Bd3 Qh5 18. Bb6 g6 19. Be2 Qh6 20. Bc4 Rfe8 21. d5 exd5 22. Bxd5 Bf5 23. Bxc6 bxc6 24. Qa4 Bd3 25. Rcd1 Bb5 26. Qc2 c5 27. Ba5 Bf8 28. Rxe8 Rxe8 29. Bd2 Qh5 30. Be3 Bc6 31. Ne1 Qg4 32. h3 Qh5 33. Rc1 Qe5 34. Qc3 Qd5 35. Nf3 Qh5 36. Bxc5 Bxc5 37. Qxc5 Bxf3 38. gxf3 Qxh3 39. Qc6 Re6 40. Qd5 Rf6 41. Rc3 Rf5 42. Qd8+ Kg7 43. Qd4+ Kh6 44. f4 Qh4 45. Rg3 Rxf4 46. Qe3 Kg7 47. Qc3+ Qf6 48. Qxf6+ Kxf6 49. Rc3 Kg5 50. b4 h5 51. Rc6 Rf6 52. Rc5+ Kf4 53. a4 g5 54. b5 axb5 55. Rxb5 Ra6 56. a5 f5 57. Kg2 g4 58. Rb4+ Kg5 59. Ra4 f4 60. Kh2 h4 61. Kg2 h3+ 62. Kh2 Kh4 63. Ra3 Rd6 64. a6 g3+ 65. Rxg3 fxg3+ 0-1

[Event "Reykjavik Congress"]
[Site "Reykjavik"]
[Date "2018.01.10"]
[Round "1"]
[White "Fridthjofsdottir, Sigurlaug Regina"]
[Black "Ragnarsson, Dagur"]
[Result "1-0"]
[WhiteElo "1734"]
[BlackElo "2332"]
[PlyCount "97"]
[EventDate "2018.01.10"]
[EventType "swiss"]
[EventRounds "9"]
[EventCountry "ISL"]
[SourceTitle "CBM 182 Extra"]
[Source "ChessBase"]
[SourceDate "2018.02.23"]
[SourceVersion "1"]
[SourceVersionDate "2018.02.23"]
[SourceQuality "1"]

1. e4 e6 2. d3 d5 3. Nd2 Nf6 4. Ngf3 Be7 5. g3 0-0 6. Bg2 c5 7. 0-0 Nc6 8. Re1 b5 9. c3 a5 10. e5 Nd7 11. a3 Qc7 12. d4 Ba6 13. Nf1 Rfc8 14. Bf4 b4 15. Ne3 Qd8 16. h4 Bb5 17. h5 a4 18. h6 g6 19. Bf1 Bxf1 20. Kxf1 bxc3 21. bxc3 cxd4 22. cxd4 Nb6 23. Qd3 Na5 24. Ng4 Nb3 25. Ra2 Nd7 26. Kg2 Qa5 27. Rd1 Rc3 28. Qe2 Qa6 29. Qe1 Rac8 30. Be3 Rc2 31. Rxc2 Rxc2 32. Nd2 Bxa3 33. Nxb3 axb3 34. Nf6+ Nxf6 35. exf6 Qe2 36. Qxe2 Rxe2 37. Rd3 Bd6 38. Rxb3 Rc2 39. Rb6 Bc7 40. Ra6 Rb2 41. Ra7 Bd6 42. Rd7 Bf8 43. Rd8 Rc2 44. Bf4 Rc6 45. Bb8 Ra6 46. Bc7 Rc6 47. Ba5 Rc4 48. Bb6 e5 49. Bc5 1-0

[Event "ISL-ch (Women)"]
[Site "Reykjavik"]
[Date "2017.08.26"]
[Round "3"]
[White "Haile, Batel Goitom"]
[Black "Fridthjofsdottir, Sigurlaug Regina"]
[Result "0-1"]
[WhiteElo "1270"]
[BlackElo "1738"]
[PlyCount "68"]
[EventDate "2017.08.25"]
[EventType "swiss"]
[EventRounds "5"]
[EventCountry "ISL"]
[SourceTitle "CBM 180 Extra"]
[Source "ChessBase"]
[SourceDate "2017.10.06"]
[SourceVersion "1"]
[SourceVersionDate "2017.10.06"]
[SourceQuality "1"]

1. e4 e6 2. d4 d5 3. Nc3 Nf6 4. e5 Nfd7 5. a3 c5 6. Nf3 Nc6 7. Be2 cxd4 8. Nxd4 Ncxe5 9. Bf4 Ng6 10. Bg3 a6 11. Bh5 Nf6 12. Bf3 Bd6 13. Qe2 0-0 14. Bxd6 Qxd6 15. g3 e5 16. Nb3 Be6 17. 0-0-0 Rfd8 18. h4 Qc7 19. Nd2 Rac8 20. Nf1 e4 21. Bg2 Bg4 22. f3 exf3 23. Bxf3 Bxf3 24. Qxf3 d4 25. h5 Ne5 26. Qf4 dxc3 27. Rxd8+ Rxd8 28. h6 cxb2+ 29. Kxb2 Nc4+ 30. Kb3 Na5+ 31. Kb2 Qxf4 32. gxf4 Nc4+ 33. Kb3 Nd2+ 34. Nxd2 Rxd2 0-1

[Event "Reykjavik op"]
[Site "Reykjavik"]
[Date "2017.04.25"]
[Round "8"]
[White "Green, Per"]
[Black "Fridthjofsdottir, Sigurlaug Regina"]
[Result "1-0"]
[WhiteElo "1966"]
[BlackElo "1750"]
[PlyCount "149"]
[EventDate "2017.04.19"]
[EventType "swiss"]
[EventRounds "10"]
[EventCountry "ISL"]
[SourceTitle "CBM 178 Extra"]
[Source "ChessBase"]
[SourceDate "2017.06.22"]
[SourceVersion "1"]
[SourceVersionDate "2017.06.22"]
[SourceQuality "1"]

1. c4 e6 2. g3 d5 3. Bg2 Nf6 4. Nf3 Be7 5. 0-0 0-0 6. d4 h6 7. Qc2 c6 8. Nbd2 Nbd7 9. e4 dxe4 10. Nxe4 Nxe4 11. Qxe4 Nf6 12. Qc2 c5 13. Rd1 cxd4 14. Nxd4 Qb6 15. Be3 Qc7 16. Nb3 Bd7 17. Qe2 e5 18. Bd2 Rac8 19. Rac1 Rfe8 20. Re1 Bf8 21. Be3 Bc6 22. Bxc6 Qxc6 23. Nd2 b6 24. Nf3 Rcd8 25. Red1 Rxd1+ 26. Rxd1 Ng4 27. b3 Nxe3 28. Qxe3 Bc5 29. Qe2 f6 30. Nh4 Qe6 31. Qe4 Qf7 32. Nf5 Kh8 33. Rd5 Qe6 34. Qg4 Bf8 35. Qg6 Rc8 36. h4 Qe8 37. Qg4 Rc7 38. Qd1 Rc8 39. Rd7 a5 40. h5 Qe6 41. Nh4 Qe8 42. Ng6+ Kg8 43. Qd5+ Kh7 44. g4 Bc5 45. Nh4 Kh8 46. Nf5 Bf8 47. Kg2 Kh7 48. Qb7 Kh8 49. Nxg7 Bxg7 50. Rxg7 Qc6+ 51. Qxc6 Rxc6 52. Rd7 a4 53. f3 axb3 54. axb3 Re6 55. Kf2 f5 56. Ke3 fxg4 57. fxg4 e4 58. Rd4 Kg7 59. Rxe4 Rd6 60. Rf4 Rd1 61. b4 Rb1 62. c5 bxc5 63. bxc5 Rc1 64. Kd4 Rc2 65. Kd5 Rd2+ 66. Kc6 Rc2 67. Kd6 Rd2+ 68. Kc7 Rd1 69. c6 Rd2 70. Kc8 Rc2 71. c7 Rc1 72. Kd7 Rd1+ 73. Kc6 Rc1+ 74. Kd6 Rd1+ 75. Kc5 1-0

[Event "Reykjavik op"]
[Site "Reykjavik"]
[Date "2017.04.24"]
[Round "7"]
[White "Fridthjofsdottir, Sigurlaug Regina"]
[Black "Magnusson, Thorsteinn"]
[Result "1-0"]
[WhiteElo "1750"]
[BlackElo "1489"]
[PlyCount "49"]
[EventDate "2017.04.19"]
[EventType "swiss"]
[EventRounds "10"]
[EventCountry "ISL"]
[SourceTitle "CBM 178 Extra"]
[Source "ChessBase"]
[SourceDate "2017.06.22"]
[SourceVersion "1"]
[SourceVersionDate "2017.06.22"]
[SourceQuality "1"]

1. e4 e6 2. d3 d5 3. Nd2 Nf6 4. Ngf3 Nc6 5. g3 dxe4 6. dxe4 Bc5 7. Bg2 Ng4 8. 0-0 0-0 9. c3 a5 10. h3 Bxf2+ 11. Rxf2 Nxf2 12. Kxf2 f5 13. exf5 Rxf5 14. Kg1 Qd6 15. Qe1 Ne5 16. Nxe5 Rxe5 17. Ne4 Qd3 18. Bf4 Rb5 19. Rd1 Qc4 20. Bf1 Qc6 21. Bxb5 Qxb5 22. Rd8+ Kf7 23. Qf2 Ke7 24. Bg5+ Qxg5 25. Nxg5 1-0

[Event "Reykjavik Skakmot op"]
[Site "Reykjavik"]
[Date "2015.04.15"]
[Round "3"]
[White "Thrainsson, Birgir Rafn"]
[Black "Fridthjofsdottir, Sigurlaug Regina"]
[Result "0-1"]
[WhiteElo "1720"]
[BlackElo "1789"]
[PlyCount "156"]
[EventDate "2015.03.25"]
[EventType "swiss"]
[EventRounds "7"]
[EventCountry "ISL"]
[SourceTitle "EXT 2016"]
[Source "ChessBase"]
[SourceDate "2015.10.08"]
[SourceVersion "1"]
[SourceVersionDate "2015.10.08"]
[SourceQuality "1"]

1. e4 e6 2. Nf3 d5 3. exd5 exd5 4. d4 Bd6 5. Be2 Nf6 6. Bg5 0-0 7. 0-0 h6 8. Bh4 Bf5 9. Nbd2 Nbd7 10. c3 c6 11. Re1 Qc7 12. Bg3 Bxg3 13. fxg3 Rfe8 14. Nf1 Ne4 15. Bd3 Ndf6 16. Ne5 Rad8 17. Ne3 Bh7 18. a4 a6 19. a5 Re7 20. g4 Rde8 21. Qf3 Ng5 22. Qf1 Bxd3 23. Qxd3 Nge4 24. b4 Nd7 25. Nf3 g6 26. Rf1 Nxc3 27. Qxc3 Rxe3 28. Qd2 R8e4 29. Rf2 Qd6 30. Raf1 f6 31. g3 Kg7 32. Kg2 Qe7 33. h3 Re2 34. Qd3 Rxf2+ 35. Rxf2 Qxb4 36. Re2 Qe7 37. Rb2 Re3 38. Qc2 Nf8 39. Kf2 Ra3 40. Qd2 Ra4 41. h4 Qd7 42. g5 hxg5 43. hxg5 fxg5 44. Qxg5 Rxa5 45. Re2 Qf5 46. Qe7+ Qf7 47. Qe5+ Kg8 48. Kg2 Ra1 49. Rf2 Qe6 50. Qf4 Qf5 51. Qd6 Qe6 52. Qf4 Qf5 53. Qd6 Qe4 54. Kh2 Qf5 55. Kg2 Qe4 56. Kh2 Rd1 57. Ng1 Qe8 58. Nh3 Re1 59. Ng5 Re2 60. Kg2 Rxf2+ 61. Kxf2 Qd7 62. Qb8 Qf5+ 63. Nf3 Qf7 64. Kg2 Kg7 65. Qe5+ Kg8 66. Qb8 Qe7 67. Ne5 Kg7 68. Qa7 Qb4 69. Nxc6 Qd2+ 70. Kh3 Qh6+ 71. Kg2 Qd2+ 72. Kh3 Kh6 73. Qxb7 Ne6 74. Qe7 Ng5+ 75. Kg4 Qd1+ 76. Kf4 Qf3+ 77. Ke5 Nf7+ 78. Ke6 Qf5# 0-1

[Event "Reykjavik op"]
[Site "Reykjavik"]
[Date "2012.03.12"]
[Round "8"]
[White "Miettinen, Teemu"]
[Black "Fridthjofsdottir, Sigurlaug Regina"]
[Result "1-0"]
[WhiteElo "2012"]
[BlackElo "1731"]
[PlyCount "111"]
[EventDate "2012.03.06"]
[EventType "swiss"]
[EventRounds "9"]
[EventCountry "ISL"]
[SourceTitle "CBM 147 Extra"]
[Source "ChessBase"]
[SourceDate "2012.04.24"]
[SourceVersion "1"]
[SourceVersionDate "2012.04.24"]
[SourceQuality "1"]

1. c4 e6 2. Nf3 d5 3. g3 Nf6 4. Bg2 Be7 5. d4 dxc4 6. Qc2 c6 7. Qxc4 0-0 8. 0-0 Nbd7 9. Nbd2 Nb6 10. Qc2 Bd7 11. a3 Rc8 12. b4 Na8 13. Nc4 b6 14. Nce5 c5 15. Nxd7 Nxd7 16. dxc5 bxc5 17. b5 Qb6 18. Qc4 Bf6 19. Rb1 Nc7 20. Bd2 a6 21. bxa6 Qxa6 22. Qxa6 Nxa6 23. Ng5 Ndb8 24. Ne4 Be7 25. Bc3 c4 26. a4 Nc5 27. Nxc5 Bxc5 28. Rfd1 Rcd8 29. a5 Rxd1+ 30. Rxd1 Na6 31. Bb7 Nc7 32. Bc6 h6 33. Rd7 Na6 34. Bb5 Nb8 35. Rc7 Bd6 36. Rxc4 Rd8 37. Bd4 Nd7 38. a6 Ne5 39. Ra4 Ra8 40. a7 Bb8 41. Bxe5 Rxa7 42. Bxb8 Rb7 43. Bc6 Rxb8 44. Ra8 Rxa8 45. Bxa8 Kf8 46. Kg2 Ke7 47. Kf3 Kf6 48. Ke4 g6 49. Bc6 Ke7 50. Ba4 f6 51. Kd4 Kd6 52. f4 e5+ 53. fxe5+ fxe5+ 54. Ke4 Ke6 55. Bb3+ Kf6 56. h3 1-0

[Event "Reykjavik op"]
[Site "Reykjavik"]
[Date "2012.03.10"]
[Round "5"]
[White "Helin, Mikael"]
[Black "Fridthjofsdottir, Sigurlaug Regina"]
[Result "1-0"]
[WhiteElo "1884"]
[BlackElo "1731"]
[PlyCount "67"]
[EventDate "2012.03.06"]
[EventType "swiss"]
[EventRounds "9"]
[EventCountry "ISL"]
[SourceTitle "CBM 147 Extra"]
[Source "ChessBase"]
[SourceDate "2012.04.24"]
[SourceVersion "1"]
[SourceVersionDate "2012.04.24"]
[SourceQuality "1"]

1. e4 e6 2. Nf3 d5 3. e5 c5 4. b4 b6 5. c3 Bb7 6. a3 Nc6 7. d4 c4 8. a4 Nge7 9. h4 Qc7 10. Na3 a6 11. h5 Nf5 12. Nc2 Be7 13. g4 Nh6 14. Bh3 Ng8 15. Bf4 0-0-0 16. Na3 Nxb4 17. cxb4 Bxb4+ 18. Kf1 Kb8 19. Nc2 a5 20. Bg3 Ne7 21. Bh4 Rde8 22. Na3 Bc6 23. Nc2 Bd7 24. Ng5 Ref8 25. Nxb4 axb4 26. Ne4 Nc8 27. Nd6 Nxd6 28. exd6 Qa7 29. Be7 Rc8 30. Kg2 Qa5 31. Qf3 b5 32. Rhb1 f6 33. h6 gxh6 34. Qxf6 1-0